| Tag |
First Indicator |
Second Indicator |
Subfields |
| LEADER |
00000cam a2200000 a 4500 |
| 001 |
in00000071607 |
| 005 |
20151008062316.0 |
| 008 |
780914s1973 cauab 00110 eng d |
| 020 |
|
|
|c 2.00 (pbk. :)
|
| 035 |
|
|
|a (OCoLC)04223771
|
| 035 |
|
|
|9 AAJ9947AM
|
| 040 |
|
|
|a DMM
|c DMM
|d TXA
|d UtOrBLW
|
| 043 |
|
|
|a n-us-ca
|
| 049 |
|
|
|a TXAM
|c [1406790]
|
| 090 |
|
|
|a GV199.42.C22
|b L3 1974
|
| 092 |
|
|
|a 796.522
|b B393C
|
| 100 |
1 |
|
|a Beck, Eric.
|
| 245 |
1 |
0 |
|a Climber's guide to Lake Tahoe & Donner Summit /
|c text and illustrations by Eric Beck.
|
| 264 |
|
1 |
|a Tahoe City, Calif. :
|b Tahoe City Public Utility District, Dept. of Parks and Recreation,
|c 1973
|
| 264 |
|
3 |
|c 1974 printing
|
| 300 |
|
|
|a 56 pages :
|b illustrations, maps ;
|c 22 cm.
|
| 336 |
|
|
|a text
|b txt
|2 rdacontent
|
| 337 |
|
|
|a unmediated
|b n
|2 rdamedia
|
| 338 |
|
|
|a volume
|b nc
|2 rdacarrier
|
| 500 |
|
|
|a Includes index.
|
| 650 |
|
0 |
|a Mountaineering.
|
| 651 |
|
0 |
|a Tahoe, Lake, Region (Calif. and Nev.)
|
| 999 |
|
|
|a MARS
|
| 999 |
f |
f |
|s 6a09bd12-19b7-3bcd-9401-b2a382cdd997
|i 83f38cab-01ef-359d-a332-9a8378c183c2
|t 0
|
| 952 |
f |
f |
|p ric
|a Texas A&M University
|b Rellis Campus
|c Joint Library Facility
|d Remote Storage
|t 0
|e GV199.42.C22 L3 1974
|h Library of Congress classification
|i unmediated -- volume
|m A14806115591
|
| 998 |
f |
f |
|a GV199.42.C22 L3 1974
|t 0
|l Remote Storage
|